ONE CHICAGO - Statistics

General Stats
  • This quiz has been taken 78 times
  • The average score is 9 of 15
Answer Stats
Hint Answer % Correct
Jay Will Halstead
87%
Hey can i please send a couple of long island iced teas to the ladies in the coner? Jay Halstead
83%
Andy makes squad the day i'm no longer in charge Kelly Severide
82%
As usual like the class clown Matt Casey
80%
Are you Casey Hank Voight
77%
You want to kill yourself Adam Ruzek
67%
Maggie i need an xray in here Ethan Choi
67%
Lets get her to treatment 2 Natalie Manning
60%
I need you outside to move that yellow tape back 50 yards and role in the crime lab Hailey Upton
57%
Funny Trudy Platt
50%
CFD plan 2 mass cas Maggie Lockwood
48%
Oh fantastic Joe Cruz
47%
Shes pumping out pretty good Kevin Atwater
45%
Oh my god Stella Kidd
40%
I wasn't inside Daniel Charles
35%
No matching quizzes found
Score Distribution
Percent of People with Each Score
Percentile by Number Answered
Your Score History
You have not taken this quiz